| 000 -ლიდერი |
| ფიქსირებული სიგრძის საკონტროლო ველი |
01545nam a22002537a 4500 |
| 003 - საკონტროლო ნომრის იდენტიფიკატორი |
| საკონტროლო ველი |
Ge_BSU |
| 005 - ბოლო ოპერაციის თარიღი და დრო |
| საკონტროლო ველი |
20241030165849.0 |
| 008 - ფიქსირებული სიგრძის მონაცემთა ელემენტები - ზოგადი ინფორმაცია |
| ფიქსირებული სიგრძის საკონტროლო ველი |
241030s2023 ge ||||| |||| 00| 0 geo d |
| 020 ## - წიგნის საერთაშორისო სტანდარტული ნომერი |
| International Standard Book Number |
9789941983702 |
| 041 ## - ენის კოდი |
| Language code of text/sound track or separate title |
geo |
| 080 ## - უნივერსალური ათობითი კლასიფიკაციის ინდექსი |
| Universal Decimal Classification number |
821.111(73) -31 დ-46 |
| 100 ## - მთავარი ჩანაწერი - პიროვნების სახელი |
| Personal name |
დიდიონი, ჯოან |
| 9 (RLIN) |
23545 |
| 245 ## - ცნობა სათაურის შესახებ |
| Title |
ჯადოსნური ფიქრის წელიწადი : |
| Remainder of title |
[მოგონებები] / |
| Statement of responsibility, etc |
ჯოან დიდიონი; ინგლისურიდან თარგმნეს თამარ ბაბუაძემ, ლელა ფიროსმანაშვილმა, ელენე მარგველაშვილმა; რედაქტორი ია ვეკუა; დიზაინერი ხატია ჩიტორელიძე. |
| 264 ## - წარმოების, გამოცემის, დისტრიბუციის და სხვა ცნობები |
| გამოცემის, წარმოების, დისტრიბუციის... ადგილი |
თბილისი : |
| გამოცემის, წარმოების, დისტრიბუციის... სახელწოდება |
პოლინომიალი, |
| გამოცემის, წარმოების, დისტრიბუციის... თარიღი |
2023. |
| 300 ## - ფიზიკური აღწერა |
| Extent |
250 გვ. ; |
| Other physical details |
20 სმ. |
| 653 ## - INDEX TERM--UNCONTROLLED |
| Uncontrolled term |
რომანი |
| 653 ## - INDEX TERM--UNCONTROLLED |
| Uncontrolled term |
დრამა |
| 700 ## - ADDED ENTRY--PERSONAL NAME |
| Personal name |
ბაბუაძე, თამარ |
| Relator term |
მთარგმნელი |
| 9 (RLIN) |
23546 |
| 700 ## - ADDED ENTRY--PERSONAL NAME |
| Personal name |
ფიროსმანაშვილი, ლელა |
| Relator term |
მთარგმნელი |
| 9 (RLIN) |
23547 |
| 700 ## - ADDED ENTRY--PERSONAL NAME |
| Personal name |
მარგველაშვილი, ელენე |
| Relator term |
მთარგმნელი |
| 9 (RLIN) |
14055 |
| 700 ## - ADDED ENTRY--PERSONAL NAME |
| Personal name |
ვეკუა, ია |
| Relator term |
რედაქტორი |
| 9 (RLIN) |
21667 |
| 700 ## - ADDED ENTRY--PERSONAL NAME |
| Personal name |
ჩიტორელიძე, ხატია |
| Relator term |
დიზაინერი |
| 9 (RLIN) |
21653 |
| 942 ## - ADDED ENTRY ELEMENTS (KOHA) |
| Source of classification or shelving scheme |
|
| Koha item type |
წიგნი |